| 000 | 00664cam a2200193 4500500 | ||
|---|---|---|---|
| 005 | 20260111080259.0 | ||
| 041 | _afre | ||
| 042 | _adc | ||
| 100 | 1 | 0 |
_aMansour, Mohamed _eauthor |
| 245 | 0 | 0 | _aLe patrimoine local : frein ou moteur du développement économique ? |
| 260 | _c2018. | ||
| 500 | _a61 | ||
| 690 | _adéveloppement économique | ||
| 690 | _aéconomie politique | ||
| 690 | _afinances locales | ||
| 690 | _apatrimoine local | ||
| 786 | 0 | _nGestion & Finances Publiques | 6 | 6 | 2018-11-30 | p. 64-68 | 1969-1009 | |
| 856 | 4 | 1 | _uhttps://droit.cairn.info/revue-gestion-et-finances-publiques-2018-6-page-64?lang=fr&redirect-ssocas=7080 |
| 999 |
_c1616100 _d1616100 |
||